000
00334nam a22001457a 4500
008
210301b ||||| |||| 00| 0 eng d
020
_a
9781401856458
041
_a
eng
080
_2
3rd
_a
610.73
082
_a
610.73
100
_a
1
101
_a
INF
245
_a
Psychiatirc Mental Health Nursing
_c
Frisch, N.C
942
_2
udc
_c
BK
999
_c
55315
_d
55315